ბათუმის შოთა რუსთაველის სახელმწიფო უნივერსიტეტის ბიბლიოთეკა

Biblical images in literature : (ბიბ.ჩანაწერი № 61353)

000 -LEADER
fixed length control field 00811nam a22002057a 4500
005 - DATE AND TIME OF LATEST TRANSACTION
control field 20240222115811.0
008 - FIXED-LENGTH DATA ELEMENTS--GENERAL INFORMATION
fixed length control field 240222s1975 enk||||| |||| 00| 0 eng d
020 ## - INTERNATIONAL STANDARD BOOK NUMBER
International Standard Book Number 0687034396x
041 ## - LANGUAGE CODE
Language code of text/sound track or separate title eng
080 ## - UNIVERSAL DECIMAL CLASSIFICATION NUMBER
Universal Decimal Classification number 821.111.1+27 B-56
245 ## - TITLE STATEMENT
Title Biblical images in literature :
Remainder of title (The Bible in literature courses) /
Statement of responsibility, etc. Edited Roland Bartel, J. S. Ackerman, T. S. WarShaw.
264 ## - PRODUCTION, PUBLICATION, DISTRIBUTION, MANUFACTURE, AND COPYRIGHT NOTICE
Place of production, publication, distribution, manufacture Nashville:
Name of producer, publisher, distributor, manufacturer Abingdon Press,
Date of production, publication, distribution, manufacture, or copyright notice 1975.
300 ## - PHYSICAL DESCRIPTION
Extent 383 p.;
Other physical details 22 cm.
653 ## - INDEX TERM--UNCONTROLLED
keyword ბიბლიური სურათები ლიტერატურაში
653 ## - INDEX TERM--UNCONTROLLED
keyword რელიგია
700 ## - ADDED ENTRY--PERSONAL NAME
Personal name Bartel, Roland
Relator term რედაქტორი
9 (RLIN) 21265
700 ## - ADDED ENTRY--PERSONAL NAME
Personal name Ackerman, J. S.
Relator term რედაქტორი
9 (RLIN) 21266
700 ## - ADDED ENTRY--PERSONAL NAME
Personal name Warshaw, T. S.
Relator term რედაქტორი
9 (RLIN) 21267
942 ## - ADDED ENTRY ELEMENTS (KOHA)
Source of classification or shelving scheme
Koha item type წიგნი
ეგზემპლარები
Withdrawn status Lost status Source of classification or shelving scheme Damaged status Not for loan Permanent Location Current Location Shelving location Date acquired Cost, normal purchase price Full call number Barcode Date last seen Copy number Price effective from Koha item type Public note
          ბათუმის შოთა რუსთაველის სახელმწიფო უნივერსიტეტის მთავარი ბიბლიოთეკა ბათუმის შოთა რუსთაველის სახელმწიფო უნივერსიტეტის მთავარი ბიბლიოთეკა წიგნსაცავი 2024-02-22 8.00 821.111.1+27 B-56 67586 2024-02-22 67586 2024-02-22 წიგნი 8 ლ.